Bilecik Bilecik Bilecik Bilecik Bilecik

Dünya nüfusunun iktisat tarihi/ (Record no. 9879)

MARC details
000 -BAŞLIK
Sabit Uzunluktaki Kontrol Alanı 01952nam a22003977a 4500
001 - KONTROL NUMARASI
Control Dosyası 0009907
003 - KONTROL NUMARASI KİMLİĞİ
Kontrol Alanı KOHA_MİRAKIL
005 - EN SON İŞLEM TARİHİ ve ZAMANI
Kontrol Alanı 20260207001726.0
007 - FİZİKSEL TANIM SABİT ALAN - GENEL BİLGİ
Sabit uzunluklu kontrol alanı ta
008 - SABİT UZUNLUKTAKİ VERİ ÖGELERİ - GENEL BİLGİ
Sabit Alan 091027b1999 tu |||gr||||#||||0|tur |
020 ## - ISBN - ULUSLARARASI STANDART KİTAP NUMARASI
Isbn 975437850
040 ## - KATALOGLAMA KAYNAĞI
Özgün Kataloglama Kurumu TR-BiSEU
Kataloglama Dili tur
Çeviri Kurumu TR-BiSEU
Açıklama Kuralları rda
041 0# - DİL KODU
Metin ya da ses kaydının dil kodu tur
044 ## - YAYINLAYAN/ÜRETEN KURULUŞUN ÜLKE KODU
ISO country code tu
050 ## - SINIFLAMA ve YER NUMARASI
Sınıflama Numarası HC54
Yer Numarası .C57 1999
100 0# - KİŞİ ADI
Yazar Adı (Kişi adı) Cipolla.
245 1# - ESER ADI BİLDİRİMİ
Başlık Dünya nüfusunun iktisat tarihi/
Sorumluluk Bildirimi Cipolla ; Cipolla; çev. Mehmet Sırrı Gezgin.
264 #1 - ÜRERİM, YAYIN, DAĞITIM ve TELİF BİLDİRİMİ
Yayın yeri İstanbul :
Yayınlayan Ötüken
Yayın tarihi 1999
300 ## - FİZİKSEL TANIMLAMA
Sayfa, Cilt vb. 134 sayfa: resimli, harita
336 ## - İÇERİK TÜRÜ
Content type term metin
Content type code txt
Source rdacontent
337 ## - MEDYA TÜRÜ
Media type term aracısız
Media type code n
Source rdamedia
338 ## - TAŞIYICI TÜRÜ
Carrier type term cilt
Carrier type code nc
Source rdacarrier
490 1# - DİZİ BİLDİRİMİ
Dizi Bildirimi Yayın nu.
490 1# - DİZİ BİLDİRİMİ
Dizi Bildirimi 246.
490 1# - DİZİ BİLDİRİMİ
Dizi Bildirimi Kültür serisi ;
Cilt Numarası 66
500 ## - GENEL NOT
Genel Not Özgün eser adı: The economic history of world population.
500 ## - GENEL NOT
Genel Not Kaynakça var.
505 ## - İÇİNDEKİLER NOTU
İçindekiler Notu İktisat Tarihini Dünya ve ülkelerin nüfuslarıyla alakalandırarak tahlil eden, orijinal tezler ileri süren kayda değer bir eser. İktisadî teşkilatlanmanın üç merhalesi olarak kabul ettiği avcılık, ziraat ve sanayi dönemlerinin kendi içlerindeki nüfus-iktisat ilişkilerini ve bir merhaleden diğerine geçiş sırasında ortaya çıkan değişmeleri inceler. Dünya günden güne daha küçük hale gelmekte, binlerce yıldan beri birbirine kapalı kalmış toplumlar hızla birbiriyle ilişki kurmakta hatta çatışmaya girmektedir. Bu zaviyeden bakıldığında gelecekte bizleri nüfusla alakalı ciddi problemler beklemektedir. Kalkınma ile nüfus artışı arasındaki bağlantıdan başlayarak pek çok konuda ufuk açan, geçmiş, bugün, gelecek eksenine oturtulmuş bir eser...
650 #0 - KONU BAŞLIĞI EK GİRİŞ - KONU TERİMİ
Konusal terim veya coğrafi ad Nüfus.
9 (RLIN) 24467
650 #0 - KONU BAŞLIĞI EK GİRİŞ - KONU TERİMİ
Konusal terim veya coğrafi ad Ekonomik tarih 1750-1918.
9 (RLIN) 8214
650 #0 - KONU BAŞLIĞI EK GİRİŞ - KONU TERİMİ
Konusal terim veya coğrafi ad Ekonomik tarih 20. yüzyıl.
9 (RLIN) 8215
830 1# - SERİ EK GİRİŞİ - TEKBİÇİM ESER ADI
Tekbiçim Başlık Yayın nu.
9 (RLIN) 9059
830 1# - SERİ EK GİRİŞİ - TEKBİÇİM ESER ADI
Tekbiçim Başlık 246.
9 (RLIN) 7230
830 1# - SERİ EK GİRİŞİ - TEKBİÇİM ESER ADI
Tekbiçim Başlık Kültür serisi ;
Volume number/sequential designation 66
9 (RLIN) 5523
942 ## - EK GİRİŞ ÖGELERİ (KOHA)
Source of classification or shelving scheme Library of Congress Classification
Koha item type Book
505 ## - İÇİNDEKİLER NOTU
--
Holdings
Materyal Türü Kalıcı Konum Mevcut Konum Raf Yeri Sınıflandırma Kaynağı Edinim Bilgisi Ana Konular Alt Konular Yer Numarası Demirbaş Numarası Fatura Tarihi Maliyet, Alış Fiyatı Maliyet, Yenileme Fiyatı Geri Çekilme Durumu Kayıp Durumu Hasarlı Durumu Kredi için değil Kayıt Tarih Toplam Ödünçverme Son Görülme Tarihi Son Kontrol Tarihi Genel / Bağış Notu
Book Prof. Dr. Azmi Özcan Kütüphanesi Prof. Dr. Azmi Özcan Kütüphanesi Uluğbey Salonu Library of Congress Classification Bağış SOSYAL BİLİMLER Ekonomi Tarihi ve Koşulları HC54 .C57 1999 0009907 13/08/2010 3.50 3.50         27/10/2009 5 05/12/2024 05/12/2024 Ötüken Yayınevi